BIBLIOTECA

SENCICO

Geometría descriptiva / (Registro nro. 459)

Detalles MARC
000 -LEADER
fixed length control field 01269nam a2200253Ia 4500
003 - CONTROL NUMBER IDENTIFIER
control field PE SENCICO BE
005 - DATE AND TIME OF LATEST TRANSACTION
control field 20251020182438.0
008 - FIXED-LENGTH DATA ELEMENTS--GENERAL INFORMATION
fixed length control field 200515s9999 xx 000 0 und d
020 ## - INTERNATIONAL STANDARD BOOK NUMBER
International Standard Book Number 978-607-17-0062-9
040 ## - CATALOGING SOURCE
Original cataloging agency PE SENCICO BE
Transcribing agency PE SENCICO BE
041 ## - LANGUAGE CODE
Language code of text/sound track or separate title spa
082 ## - DEWEY DECIMAL CLASSIFICATION NUMBER
Classification number 516.6
Item number G71
100 1# - MAIN ENTRY--PERSONAL NAME
Personal name González Vásquez, José Mario
9 (RLIN) 3195
Relator term autor
245 10 - TITLE STATEMENT
Title Geometría descriptiva /
Statement of responsibility, etc. José Mario González Vásquez
250 ## - EDITION STATEMENT
Edition statement 1a ed.
260 ## - PUBLICATION, DISTRIBUTION, ETC.
Place of publication, distribution, etc. México, D.F. :
Name of publisher, distributor, etc. Trillas ;
Date of publication, distribution, etc. 2009
300 ## - PHYSICAL DESCRIPTION
Extent 128 páginas :
Other physical details ilustraciones, gráficos ;
Dimensions 27 cm.
505 0# - FORMATTED CONTENTS NOTE
Formatted contents note Proyección e intersecciones -- Procedimientos auxiliares -- Sombras -- Superficies -- Intersecciones de volúmenes -- La geometría descriptiva en le representación volumétrica
520 3# - SUMMARY, ETC.
Summary, etc. Enfoca en resaltar su importancia, apoyado en los planes y programas de estudio señalados por la Dirección General de Educación Superior Tecnológica para las materias de geometría descriptiva I y II, por lo que ha sido dividida en dos partes que corresponden respectivamente a cada una de estas materias para la carrera de arquitectura
650 10 - SUBJECT ADDED ENTRY--TOPICAL TERM
Topical term or geographic name entry element Geometría descriptiva
9 (RLIN) 22
650 20 - SUBJECT ADDED ENTRY--TOPICAL TERM
Topical term or geographic name entry element Proyecciones e isometrías
9 (RLIN) 874
650 20 - SUBJECT ADDED ENTRY--TOPICAL TERM
Topical term or geographic name entry element Dibujo técnico
9 (RLIN) 336
942 ## - ADDED ENTRY ELEMENTS (KOHA)
Koha item type Libros
Source of classification or shelving scheme Dewey Decimal Classification
Existencias
Fecha de la última vez que lo usaron Número de ingreso o de inventario Pago total Signatura topográfica completa Código de barras Precio efectivo desde Tipo de documento Estado perdido Sistema de clasificación Estado dañado No es para préstamo Retirado Ubicación permanente Ubicación actual Fecha de adquisición
15/05/2020 15304   516.6/G71 BibLima25070013 15/05/2020 Libros   Dewey Decimal Classification       Biblioteca Central Lima Biblioteca Central Lima 15/05/2020